| 000 | 00545nam a2200145Ia 4500 | ||
|---|---|---|---|
| 008 | 170221s9999 xx 000 0 und d | ||
| 100 | _aKatharina Kovacs Burns | ||
| 245 | _aPortraits of People Who Are Homeless in the Canadian Media: Investigating the Journalists behind the Stories | ||
| 245 | _cKatharina Kovacs Burns, Solina Richter, Jean Chaw Kant | ||
| 260 | _bStudies in Media and Communication | ||
| 260 | _c2016 | ||
| 650 | _xCommunication | ||
| 650 | _xMedia Arts | ||
| 856 | _uhttp://redfame.com/journal/index.php/smc/issue/view/7 | ||
| 999 |
_c309165 _d309165 |
||